Space Exploration - Statistics

General Stats
  • This quiz has been taken 189 times
    50 since last reset
  • The average score is 20 of 30
Answer Stats
Question Answer % Correct
What manned U.S. space program put a man on the Moon? Apollo
100%
Who was the first person to walk on the Moon? Neil Armstrong
98%
What animal was Laika, the first animal to actually go into orbit in 1957? Dog
95%
In what year did man land on the Moon? 1969
93%
Who was the first human to travel into outer space and orbit the Earth? Yuri Gagarin
93%
Who made the first telescopic observation of the night sky and discovered Jupiter's moons? Galileo Galilei
88%
What was the first man-made satellite? Sputnik
86%
How many women walked on the Moon? None
83%
On January 28, 1986, what Space Shuttle broke apart 73 seconds into its flight? Challenger
81%
In 2026, how many astronauts were sent on Artemis II spaceflight on a flyby around the Moon? Four
81%
Who made the famous statement "That's one small step for man, one giant leap for mankind?" Neil Armstrong
81%
What is the name of American space transportation services company founded in 2002 by Elon Musk? SpaceX
81%
What telescope was put into outer space in 1990? Hubble telescope
79%
What nationality was the first woman to have flown in space with a solo mission in 1963? Russian
79%
When you point the telescope to the planet Venus what do you see?
76%
Who was the pilot for the lunar module on the Apollo 11 and the second person to walk on the Moon? Buzz Aldrin
74%
How many astronauts walked on the Moon? 12
69%
What space shuttle disintegrated during reentry killing all seven astronauts onboard in 2003? Columbia
69%
In which US state is Kennedy Space Center located? Florida
69%
In 2026, on the Artemis II mission, who became the first woman to travel beyond low Earth orbit and the first woman to journey around the Moon? Christina Koch
64%
When was NASA established? 1958
62%
What is the name of the U.S. spacecraft that visited Uranus in 1986? Voyager 2
60%
In which country is the Baikonur Cosmodrome located? Kazakhstan
52%
Which country successfully landed its module at the lunar south pole in 2023? India
50%
What was the name of the spacecraft in which he orbited the Earth in 1961? Vostok
45%
What is the name of the first rover that was sent to Mars in 1997? Sojourner
31%
What was the first space-rated orbiter in NASA's Space Shuttle fleet? Columbia
26%
Which planet did Mariner 10 reach in 1974? Mercury
21%
Who was the first fee paying space tourist? Dennis Tito
10%
Which astronaut spent more time in space than anyone else? Gennady Padalka
10%
No matching quizzes found
Score Distribution
Percent of People with Each Score
Percentile by Number Answered
Your Score History
You have not taken this quiz since the last reset